00334nam a22001217a 4500008004100000020001500041082001600056245005400072260004400126300001500170942001200185999001500197230619b xxu||||| |||| 00| 0 eng d a0195060296 a305.89bFAR aThe Color Line and the Quality of Life in America aNew YorkbRussell Sage Foundationc1987 aXXIII,493p 2ddccBK c1425d1425